000 00712nam a22001337a 4500
040 _cRUA
082 _aVEM PEO 2022 B1.402 Or.1
100 _aPEOU PISITH, ពៅ ពិសិដ្ឋ
245 _aGastro-intestinnaal parasites in chicken at robas mongk ol commune, moung ruessei district, battambang province, បរាសិតក្នុងប្រដាប់រំលាយអាហារមាន់នៅឃុំរបស់មង្គល ស្រុកមោងឬស្សី ខេត្តបាត់ដំបង
260 _aPHNOM PENH
_bRUA
_c2022
300 _aix,
_bill,
_c29cm,
856 _uhttps://drive.google.com/file/d/1A7Fj1gRn8c6e-x_EM2A5shKugg7acCZp/view?usp=sharing
942 _cVEM
999 _c24268
_d24268